Karimojong politics
| Main Author: | |
|---|---|
| Format: | Book |
| Published: |
Oxford :
Clarendon Press ,
1966
|
| Subjects: |
MARC
| LEADER | 00000cam a2200000 7i4500 | ||
|---|---|---|---|
| 001 | 0000007746 | ||
| 005 | 20021119093000.0 | ||
| 008 | 021119n | ||
| 050 | 0 | 0 | |a GN659.U3 |b D9 |
| 090 | 0 | 0 | |a GN659.U3 |b D9 |
| 100 | 0 | |a Dyson-Hudson, Neville , |e author | |
| 245 | 0 | 0 | |a Karimojong politics |c Neville Dyson-Hudson |
| 260 | 2 | |a Oxford : |b Clarendon Press , |c 1966 | |
| 300 | |a 280 p. ; ; |c 22 cm. | ||
| 500 | |a Includes index | ||
| 650 | 0 | |a Karamojong (African people) | |
| 999 | |a 1000009782 |b Book |c OPEN SHELF (30 DAYS) |e Gong Badak Campus | ||